000 01800nam0a2200421 4500
001 RU\NLR\BIBL_A\011596633
005 20190313102200.0
010 _a978-5-09-051809-3
_981894
021 _aRU
_bКН-П-21-043506
_9КН-П-21-3437
021 _aRU
_bКН-П-21-074871
_9КН-П-21-5961
021 _aRU
_bКН-П-19-009442
_9КН-П-19-0704
021 _aRU
_bКН-П-20-009525
_9КН-П-20-0738
035 _a(NLR Aleph) 011596633
035 _a(RuMoRGB)009892205
035 _a(RuMoRGB)009846916
035 _a(RuMoRGB)009493536
090 _a10865057
_c10865057
100 _a20180117d2018 e y0rusy50 ca
101 0 _arus
_aeng
102 _aRU
105 _aac j 000zy
200 1 _aАнглийский язык
_e9 класс
_eучебное пособие для общеобразовательных организаций
_f[Р. П. Мильруд и др.]
210 _aМосква
_cПросвещение
_cExpress Publishing
_d2018 [т. е. 2017]
215 _a132, [66] с.
_cцв. ил., портр.
_d30
225 1 _aЗвёзды моего города
300 _aНа обл.: City stars: 9: student's book / Radislav Millrood, Jenny Dooley, Virginia Evans [и др.]
300 _aФактическая дата выхода в свет - 2017
333 _a6+
512 1 _aCity stars
_e9
_estudent's book
606 1 _aАнглийский язык
_jУчебные издания для средней школы
_2nlr_sh2
_3RU\NLR\AUTH\6646032
686 _aШ143.21-922.1(2)
_2rubbk
686 3 _aШ143.21-93рус21[9]
702 1 _aМильруд
_bР. П.
_gРадислав Петрович
_3RU\NLR\AUTH\7722058
_4220
942 _cBOOK
980 _aNBR
980 _aNB